000 00697nam a22001817a 4500
005 20260206201025.0
008 260206b ||||fr|||| 00| 0 eng d
020 _a978-612-4226-02-1
040 _aCENDOC CAAAP
_bspa
_cCAAAP
041 _aspa
050 _aQA 135.5
_bI44
245 1 _aSeminario Internacional :
_b«tendencias Teóricas Y Metodológicas De La Educación En Época De Globalización» /
_cIpp Instituto De Pedagogía Popular
250 _a1ra edición
260 1 _aLima, Perú :
_bIpp Instituto De Pedagogía Popular,
_c2014.
300 _a179 páginas :
_bfotografías,
_c24x17 cm
650 0 _988
_aLingüística
_vEducación
_xTendencias educativas
942 _2lcc
_bDD - MM - AA
_cBK
999 _c4421
_d4421